000 00494nam a22001577a 4500
999 _c12980
_d12980
008 190206b ||||| |||| 00| 0 eng d
020 _a9711901854
082 _21995
_aDFil 899.2103
_bD15
100 _aDalisay, Jose Y., Jr.
_920116
245 _aAt the booklaunching/
_cJose Y. Dalisay, Jr.
260 _aQuezon City:
_bCacho Pub. House,
_c©1995
300 _aPage 28-32;
_c21 cm.
650 _aPhilippine literature.
_936627
650 _aShort stories (English).
_936628
942 _2ddc
_cDFIL